ARRUPE JESUIT UNIVERSITY

CORONAVIRUS -STOP THE SPREAD - CLEAN,DISINFECT,COVER

Bridging boundaries : (Record no. 128993)

MARC details
000 -LEADER
fixed length control field 01500cam a22003134a 4500
001 - CONTROL NUMBER
control field 11792051
003 - CONTROL NUMBER IDENTIFIER
control field ARRUPE
005 - DATE AND TIME OF LATEST TRANSACTION
control field 20190214090510.0
008 - FIXED-LENGTH DATA ELEMENTS--GENERAL INFORMATION
fixed length control field 990920s2000 pau b 001 0 eng
010 ## - LIBRARY OF CONGRESS CONTROL NUMBER
LC control number 99048866
020 ## - INTERNATIONAL STANDARD BOOK NUMBER
International Standard Book Number 0940866811 (hardback)
020 ## - INTERNATIONAL STANDARD BOOK NUMBER
International Standard Book Number 094086682X
040 ## - CATALOGING SOURCE
Original cataloging agency DLC
Transcribing agency DLC
Modifying agency DLC
042 ## - AUTHENTICATION CODE
Authentication code pcc
043 ## - GEOGRAPHIC AREA CODE
Geographic area code n-us---
050 00 - LIBRARY OF CONGRESS CALL NUMBER
Classification number BX1407.H55
Item number B75 1999
082 00 - DEWEY DECIMAL CLASSIFICATION NUMBER
Classification number 282/.73/08968
Edition number 21
300 ## - PHYSICAL DESCRIPTION
Dimensions 24 cm.
245 00 - TITLE STATEMENT
Title Bridging boundaries :
Remainder of title the pastoral care of U.S. Hispanics /
Statement of responsibility, etc edited by Kenneth G. Davis and Yolanda Tarango.
260 ## - PUBLICATION, DISTRIBUTION, ETC. (IMPRINT)
Place of publication, distribution, etc Scranton :
Name of publisher, distributor, etc University of Scranton Press ;
Place of publication, distribution, etc Tonawanda, NY :
Name of publisher, distributor, etc University of Toronto Press [distributor],
Date of publication, distribution, etc c2000.
300 ## - PHYSICAL DESCRIPTION
Extent xvi, 144 p. ;
504 ## - BIBLIOGRAPHY, ETC. NOTE
Bibliography, etc Includes bibliographical references (p. 133-140) and index.
650 #0 - SUBJECT ADDED ENTRY--TOPICAL TERM
Topical term or geographic name as entry element Church work with Hispanic Americans
General subdivision Catholic Church.
9 (RLIN) 44621
650 #0 - SUBJECT ADDED ENTRY--TOPICAL TERM
Topical term or geographic name as entry element Hispanic American Catholics
General subdivision Religious life.
9 (RLIN) 22586
700 1# - ADDED ENTRY--PERSONAL NAME
Personal name Davis, Kenneth G.,
Dates associated with a name 1957-
9 (RLIN) 44622
700 1# - ADDED ENTRY--PERSONAL NAME
Personal name Tarango, Yolanda.
9 (RLIN) 44623
856 42 - ELECTRONIC LOCATION AND ACCESS
Materials specified Publisher description
Uniform Resource Identifier <a href="http://www.loc.gov/catdir/enhancements/fy0666/99048866-d.html">http://www.loc.gov/catdir/enhancements/fy0666/99048866-d.html</a>
856 41 - ELECTRONIC LOCATION AND ACCESS
Materials specified Table of contents only
Uniform Resource Identifier <a href="http://www.loc.gov/catdir/enhancements/fy0666/99048866-t.html">http://www.loc.gov/catdir/enhancements/fy0666/99048866-t.html</a>
906 ## - LOCAL DATA ELEMENT F, LDF (RLIN)
a 7
b cbc
c orignew
d 1
e ocip
f 19
g y-gencatlg
942 ## - ADDED ENTRY ELEMENTS (KOHA)
Source of classification or shelving scheme Library of Congress Classification
Koha item type Monograph ( Printed materials)
Holdings
Withdrawn status Lost status Source of classification or shelving scheme Damaged status Not for loan Collection code Home library Current library Shelving location Date acquired Total Checkouts Full call number Barcode Date last seen Price effective from Koha item type
    Library of Congress Classification     Main Collection ARRUPE LIBRARY ARRUPE LIBRARY Main Collection 14/02/2019   BX1407.H55 B75 1999 46600003759 14/02/2019 14/02/2019 Monograph ( Printed materials)

 

Arrupe Library. PO Box MP320 Mt Pleasant, Harare, Zimbabwe
263 242 745411|librarian@aju.ac.zw